Tous les cantons des Yvelines sur une carte - Statistiques

Statistiques générales
  • Ce quiz a été pris 171 fois
  • Le résultat moyen est 12 sur 21
Réponses sur la Carte
Les réponses sont colorées sur une échelle allant du rouge au vert en fonction du pourcentage des utilisateurs qui les ont devinées à leur premier essai. Vous pouvez retrouver ces pourcentages ci-dessous.
 
Statistiques - réponses
Canton % Correct
Versailles-1
96%
Versailles-2
96%
Mantes-la-Jolie
91%
Rambouillet
90%
Saint-Germain-en-Laye
88%
Trappes
69%
Plaisir
65%
Sartrouville
64%
Houilles
62%
Poissy
62%
Les Mureaux
57%
Conflans-Sainte-Honorine
56%
Chatou
55%
Montigny-le-Bretonneux
44%
Saint-Cyr-l'École
42%
Le Chesnay-Rocquencourt
40%
Aubergenville
34%
Bonnières-sur-Seine
32%
Maurepas
30%
Limay
29%
Verneuil-sur-Seine
27%
Aucun quiz correspondant
Distribution des résultats
% des personnes avec chaque résultat
Percentile par nombre de réponses
Votre historique - résultats
Vous n’avez pas pris ce quiz